| 000 | 00778nam a2200217Ii 4500 | ||
|---|---|---|---|
| 003 | JO-AjNU | ||
| 008 | 230605s9999||||xx |||||||||||||| ||und|| | ||
| 017 | _a2006/13208 | ||
| 020 | _a977-300-148-2 | ||
| 040 |
_aJO-AjNU _bara _erda _cJO-AjNU |
||
| 041 | _aara | ||
| 050 | 1 | 4 | _aBP130.Z3 2006 |
| 100 | 3 |
_aالزركشي، بدر الدين بن محمد بن عبد الله ؛ تحقيق أبي الفضل الدمياطي, _eauthor _956399 |
|
| 245 | 0 | 0 | _aالبرهان في علوم القرآن |
| 264 | 3 | 1 | _aالقاهرة: دار الحديث طبع نشر توزيع، 2006 |
| 300 | _a1228ص | ||
| 336 |
_atext _btxt _2rdacontent |
||
| 337 |
_aunmediated _bn _2rdamedia |
||
| 338 |
_avolume _bnc _2rdacarrier |
||
| 650 | 4 |
_aالقرآن الكريم- علوم _956400 |
|
| 999 |
_aA25212 _c28780 _d28780 |
||